| 000 | 01469nam a2200325 c 4500 | ||
|---|---|---|---|
| 003 | BLK | ||
| 005 | 20250306161240.0 | ||
| 008 | 180408b bul|||||r ||||||| ||bul|| | ||
| 010 | _aKNG00052276000 | ||
| 040 | _aBLK | ||
| 041 |
_aBUL _cBUL |
||
| 080 |
_aНанасяне на метални и неметални покрития върху метали и неметали. Метализация. Нанасяне на проводникови,полупроводникови,магнитни и др.покрития.Вж и 620.197;621.357; 669.2/.6 _b621.793 _x _z621.793 |
||
| 100 | 1 |
_aВячеславов, Петър _eпърви автор _9368319 |
|
| 700 | 1 |
_aМощев, Рафаил _eпрев. от рус. _999413 |
|
| 139 |
_aВячеславов, Петър _bВ 99 |
||
| 245 | 1 | 0 |
_aГалванични покрития от сплави _cПетър Вячеславов; прев. от рус. Рафаил Мощев. |
| 257 | _aSUN | ||
| 260 |
_аСофия _bТехника _c1961 |
||
| 300 |
_a60 с. _bс ил. _c18 см |
||
| 380 | _a62 | ||
| 490 | 1 |
_aБиблиотека на електромонтьора _vДял IV-А, кн. 6 |
|
| 650 | 4 |
_aГалванотехника _9151701 |
|
| 653 | _aгалванотехника | ||
| 852 | _aЦб І 4238 | ||
| 856 | 4 |
_qpdf _u |
|
| 856 | 4 |
_qpdf _u |
|
| 942 |
_cKNG _n0 _01 |
||
| 944 |
_aCR _c02.09.2016 _k30535 _lХристина Везирева |
||
| 944 |
_aED _c02.09.2016 _kМилена_Ачева |
||
| 999 |
_c48458 _d48458 |
||